Statistics for More Islands of the U.S.

Click here to take the quiz!

General Stats

  • This quiz has been taken 16 times
  • The average score is 6 of 12

Answer Stats

State or
Territory
HintAnswer% Correct
NYThe largest New York borough by area, noted for its sizeable community of Italian-Americans and conservative politics.Staten
93%
MIReferred to by its native inhabitants as "Minong", it is the largest lake island in the United States, and a designated national park. There are no permanent human settlements, but a large ecosystem of grey wolves introduced in the 1900s.Isle Royale
64%
AKThe U.S.'s second largest island by area, and home of the native Alutiiq people for centuries. It was almost entirely destroyed following the 1964 Good Friday Earthquake.Kodiak
64%
CANamesake of a Pacific island chain, administered by Los Angeles County as a small community and nature reserve. Perhaps best known as the site of the mysterious 1981 death of actress Natalie Wood.Santa Catalina
64%
VIThe most populated of the U.S. Virgin Islands with over 50,000 people, and a popular cruise ship destination in the Caribbean Sea.Saint Thomas
57%
AKHome to the westernmost settlement in all of North America. Was a thriving naval base and one of the largest cities in Alaska, with a now declining population.Adak
50%
TXThe longest barrier island in the world, separated from the rest of Texas by the Laguna Madre.Padre
50%
MIIn the St. Mary River bordering Canada, this island was strongly considered by the United Nations to be the location of their future headquarters after its nomination in 1945.Sugar
50%
CAOne of the largest communities of the San Francisco Bay area, with over 95% of the island urbanized. It was once a peninsula connected to the city of Oakland, with the inlet becoming flooded sometime in the late 1800s.Alameda
43%
AKA group of rocky islands that, shared with Russia, define the world's International Date Line.Diomedes
43%
MIThe largest city-owned island park in the U.S., administered by Detroit on the namesake's river. It was once a large pig farm estate directed by the French colonists of Québec.Belle Isle
36%
ASKnown to the native Tokelau as "Olohega", this island ceded under the Guano Islands Act of 1856 is part of an ongoing territorial dispute with New Zealand; it's currently administered as a part of American Samoa.Swains
29%

Score Distribution

Percentile by Number Answered

Percent of People with Each Score

Your Score History

You have not taken this quiz